| 000 | 00515nam a22001577a 4500 | ||
|---|---|---|---|
| 003 | NUST | ||
| 082 | _a200 | ||
| 100 |
_aImtiaz, Kanwal _997530 |
||
| 245 |
_aIntegrated Science (Is) For Middle School Via Interactive Digital Book / _cKanwal Imtiaz |
||
| 264 |
_aIslamabad : _bSEECS, NUST, _c2022. |
||
| 300 | _a89 p. ; | ||
| 650 |
_aMS-Innovative Technologies in Learning _9125075 |
||
| 700 |
_aSupervisor: Nasir Mahmood _996709 |
||
| 856 | _uhttp://10.250.8.41:8080/xmlui/handle/123456789/30034 | ||
| 942 |
_2ddc _cSC |
||
| 999 |
_c591088 _d591088 |
||